MARC

LEADER 00000nam0a2200000 4500
001 100678
005 20231031112159.0
035 |a (RuTPU)RU\TPU\book\108343 
035 |a RU\TPU\book\108162 
090 |a 100678 
100 |a 20060825d2001 m y0rusy50 ca 
101 0 |a rus 
102 |a RU 
105 |a a z 001zy 
200 1 |a Качество и конкуренция  |f Под ред. Г. Е. Герасимовой 
210 |a Москва  |c Трек  |d 2001 
215 |a 52 с.  |c ил. 
225 1 |a Все о качестве. Отечественные разработки  |v Вып. 7 
320 |a Библиография в конце глав. 
610 1 |a организация производства 
610 1 |a качество 
610 1 |a менеджмент 
610 1 |a эффективность 
610 1 |a системы менеджмента качества 
610 1 |a СМК 
610 1 |a ИСО 9000:2000 
610 1 |a себестоимость 
610 1 |a конкурентоспособность 
610 1 |a стоимость 
610 1 |a конкуренция 
610 1 |a кадры 
610 1 |a мотивация 
610 1 |a коллектив 
675 |a 658.562  |v 3 
702 1 |a Герасимова  |b Г. Е.  |4 340 
801 1 |a RU  |b 63413507  |c 20030819  |g PSBO 
801 2 |a RU  |b 63413507  |c 20100818  |g PSBO 
942 |c BK